| 000 | 00736nam a2200205Ia 4500 | ||
|---|---|---|---|
| 999 |
_c39893 _d39893 |
||
| 001 | 6498 | ||
| 003 | GE_BSU | ||
| 005 | 20191010163211.0 | ||
| 008 | 181216s1960||||ge |||||||||||||| ||geo|| | ||
| 040 | _cGE_BSU | ||
| 041 | _ageo | ||
| 080 | _a821.353.1-32 ბ-45 | ||
| 100 |
_aბელიაშვილი, აკაკი _94491 |
||
| 245 |
_aმოთხრობები / _cაკაკი ბელიაშვილი ; რედ. ი. ურუშაძე. |
||
| 264 |
_aთბილისი : _bფედერაცია ; _c1940. |
||
| 300 |
_a338 გვ. ; _c15 სმ. |
||
| 653 | _aმოთხრობები | ||
| 700 |
_aურუშაძე, ი. _eრედაქტორი _94680 |
||
| 942 |
_cBK _2udc |
||